5HLuxD.jpg

KING HENRY VIII SENIOR AND PRIMARY SCHOOL LIBRARY OPAC

The werepuppy / (Record no. 2230)

000 -LEADER
fixed length control field 00643nam a2200217 a 4500
001 - CONTROL NUMBER
control field 011262088
003 - CONTROL NUMBER IDENTIFIER
control field UkOxU
005 - DATE AND TIME OF LATEST TRANSACTION
control field 20230403121520.0
008 - FIXED-LENGTH DATA ELEMENTS--GENERAL INFORMATION
fixed length control field 950403r19931991enk 000 1 eng d
020 ## - INTERNATIONAL STANDARD BOOK NUMBER
International Standard Book Number 9780140361292
040 ## - CATALOGING SOURCE
Transcribing agency STD
Modifying agency KH8
082 ## - DEWEY DECIMAL CLASSIFICATION NUMBER
Classification number 823.914 WIL
100 1# - MAIN ENTRY--PERSONAL NAME
Personal name Wilson, Jacqueline.
Relator term author
245 14 - TITLE STATEMENT
Title The werepuppy /
Statement of responsibility, etc. Jacqueline Wilson ; illustrated by Janet Robertson
260 ## - PUBLICATION, DISTRIBUTION, ETC.
Place of publication, distribution, etc. London :
Name of publisher, distributor, etc. Puffin,
Date of publication, distribution, etc. 1993, c1991
300 ## - PHYSICAL DESCRIPTION
Extent 128 pages :
Other physical details illustrations
Dimensions 20 cm.
500 ## - GENERAL NOTE
General note First published: London : Blackie, 1991
650 ## - SUBJECT ADDED ENTRY--TOPICAL TERM
Topical term or geographic name entry element Children's stories
700 1# - ADDED ENTRY--PERSONAL NAME
Personal name Robertson, Janet.
Relator term ill
942 ## - ADDED ENTRY ELEMENTS (KOHA)
Source of classification or shelving scheme
Koha item type Books - Non Ficton
Holdings
Withdrawn status Lost status Source of classification or shelving scheme Damaged status Not for loan Collection code Permanent Location Current Location Shelving location Date acquired Total Checkouts Full call number Barcode Date last seen Date last checked out Price effective from Koha item type
          Non-Fiction KH8 Primary School Library KH8 Primary School Library Non Fiction 2023-04-03 1 823.914 WIL KHPL000003976 2025-12-05 2024-01-09 2023-04-03 Books - Non Ficton

Powered By KH8 IT Dept